| 000 | 01074cam a2200241 4500 | ||
|---|---|---|---|
| 001 | 8 | ||
| 010 |
_a 84165157 _z 2002318826 |
||
| 020 | _a0950427012 (pbk. : v. 1) | ||
| 043 |
_aa-bt--- _aa-ii--- |
||
| 100 | 1 | _aGrierson, A. J. C. | |
| 245 | 1 | 0 |
_aFlora of Bhutan : _bincluding a record of plants from Sikkim / _cA.J.C. Grierson & D.G. Long. |
| 260 |
_aEdinburgh : _bRoyal Botanic Garden, _c1983-<2002> |
||
| 300 |
_av. : _bill. (some col.) ; _c20-28 cm. |
||
| 500 | _a""H.J. Noltie""--V. 3, pt. 1. | ||
| 500 | _aErrata slip inserted in v. 3, pt. 3. | ||
| 500 | _aSome vols. have imprint: Edinburgh : Royal Botanic Garden ; [Bhutan] : Royal Government of Bhutan. | ||
| 500 | _aSome vols. have subtitle: Including a record of plants from Sikkim and Darjeeling. | ||
| 504 | _aIncludes bibliographies and indexes. | ||
| 505 | 2 | _av. 3, pt. 2. The grasses of Bhutan / H. J. Noltie -- v. 3, pt. 3. The orchids of Bhutan / N.R. Pearce & P.J. Cribb ; illustrated by Susanna Stuart-Smith. | |
| 650 | 0 |
_aBotany _zBhutan. |
|
| 650 | 0 |
_aBotany _zIndia _zSikkim. |
|
| 700 | 1 | _aLong, D. G. | |
| 999 |
_c10 _d10 |
||